Fiend Folio Bosses - Statistics

General Stats
  • This quiz has been taken 24 times
  • The average score is 31 of 40
Answer Stats
Chapter Boss % Correct
Chapter 1 Buck
100%
Chapter 5 (Miniboss) Gravedigger
100%
Chapter 1 Griddle Horn
100%
Chapter 4 The Sun
100%
Chapter 2 Battie
94%
Chapter 1 Buster
94%
Chapter 1.5 Cacamancer
94%
Chapter 1 Honeydrop
94%
Chapter 2 Kingpin
94%
Chapter 1 Meltdown
94%
Chapter 2 Monsoon
94%
Chapter 4.5 Mr. Dead
94%
Chapter 3 Pollution
94%
Chapter 5 (Miniboss) Psion
94%
Chapter 2 Slinger
94%
Chapter 3 The Organization
94%
Chapter 1 The Whispers
94%
Chapter 3.5 Warp Zone
94%
Chapter 4 Cacophobia
89%
Chapter 3.5 Dusk
89%
Chapter 1.5 Ghostbuster
89%
Chapter 3 Junkstrap
89%
Chapter 3 Luncheon
89%
Chapter 4 Peeping
89%
Chapter 4 Basco
83%
Risk's Reward (Miniboss) Hermit
83%
Chapter 3 Tsar
83%
Chapter 2 Aquagob
78%
Chapter 3 Gutso The Great
72%
Chapter 1 (Champion) Technopin
61%
Chapter 3 (Champion) Fiend Mom
56%
Chapter 1 (Champion) Mucus Monstro
56%
Chapter 3 (Champion) Green Loki
50%
Chapter 1 (Champion) Ghost Larry Jr.
44%
Chapter 3 (Champion) Kidney of Infamy
39%
Chapter 1 (Champion) Beehive Fistula
33%
Chapter 1 (Champion) Golden Plum
33%
Chapter 2 (Champion) Grape Husk
33%
Chapter 2 (Champion) Possessed Hollow
33%
Chapter 1 (Champion) Albino Widow
28%
No matching quizzes found
Score Distribution
Percent of People with Each Score
Percentile by Number Answered
Your Score History
You have not taken this quiz